000 00733nam a2200253Ia 4500
003 OSt
005 20220918174045.0
006 a|||||r|||| 00| 0
007 ta
008 220917b |||||||| |||| 00| 0 eng d
024 _a10,226
037 _cTextual
040 _aARTS
_cARTS
_beng
041 _2eng
_aeng
082 _aQ7:33, M3
100 _aSiddiqi Naeem
_948941
245 0 _aMuhammad
_b the benefactor of humanity (peace be upon him) tr and ed by Rahm Ali Hashmi
260 _aDelhi
_bMarkayi Maktaba Islami
_c1983
300 _avii,277p.
_ccm.
490 _aIshart-e-Islam trust publication; 628
650 _aRELIGION
942 _hQ7:33, M3
_cTEXL
_2CC
999 _c151600
_d151600